Indikátory nerovnovážnych ekonomických stavov agropodnikateľských subjektov

Bibliographic Details
Main Author: Hudáková, Monika (Author)
Format: Article
Language:Slovak
PhysicalDescription:Sch., tab.
ISSN:1335-6186
Subjects:

MARC

LEADER 00000nab a2200000 a 4500
001 vtls010027409
003 SK-MaSNL
005 20260426085646.0
008 250507c2009 xo qr|p|||||||000 b|slo
015 |a SNBRB2009/12  |2 snkbucl 
035 |a (uuid)41a5b5c1-b3ae-47fb-8012-faf3a5183a88 
035 |a urn:nbn:sk:snk-ab2fjz 
035 |a (urnnbn)urn:nbn:sk:snk:ar-a02ctw 
038 |a SNKBUCL 
040 |a SNKBUCL  |b slo  |c SNKBUCL  |e AACR2 
041 0 |a slo  |b eng  |b slo 
044 |a xo  |c SK 
080 |a 631.14:658.011.4:502.131.1  |x (437.6)  |2 2001 
080 |a 658.011.4  |x (437.6)  |2 2001 
080 |a 502.131.1  |x (437.6)  |2 2001 
100 1 |a Hudáková, Monika  |4 aut  |9 26650 
245 1 0 |a Indikátory nerovnovážnych ekonomických stavov agropodnikateľských subjektov  |c Monika Hudáková 
246 3 1 |a Indicators of economic non-steady situations of the agri-business operators 
300 |b Sch., tab. 
504 |a Bibliogr. odkazy 
546 |a Súbežný názov angl. ; res. angl., slov. 
650 0 7 |a poľnohospodárske podniky  |2 snkbucl  |9 4194 
650 0 7 |a prosperita  |2 snkbucl  |9 1325364 
650 0 7 |a ekonomická nerovnováha  |2 snkbucl  |9 73642 
650 0 7 |a trvalo udržateľný rozvoj  |2 snkbucl  |9 3353 
651 7 |a Slovensko  |2 snkbucl  |9 14231 
773 0 |t Ekonomika poľnohospodárstva = Economics of Agriculture  |g Roč. IX., č. 3 (2009), s. 46-51  |x 1335-6186 
850 |a Slovenská národná knižnica 
852 |a Slovenská národná knižnica 
954 |a odborná, vedecká literatúra pôvodná (slovenská)  |2 lita 
958 |a article27 
958 |a NB 
958 |a SK 
958 |a OND 
958 |a EUIPO 
999 |c 2968513  |d 2970443